[Event "TUR-chT 1st League"]
[Site "Denizli"]
[Date "2023.07.10"]
[Round "2.92"]
[White "Narman, Gokhan"]
[Black "Eldemir, Goksu"]
[Result "1-0"]
[WhiteElo "1930"]
[BlackElo "1871"]
[PlyCount "201"]
[EventDate "2023.07.09"]
[EventType "team-swiss"]
[EventRounds "9"]
[EventCountry "TUR"]
[SourceTitle "CBM 215 Extra"]
[Source "ChessBase"]
[SourceDate "2023.09.30"]
[SourceVersion "1"]
[SourceVersionDate "2023.09.30"]
[SourceQuality "1"]
[WhiteTeam "Karsiyaka Ihtisas"]
[BlackTeam "Doktor Metin Surmeli"]
[WhiteTeamCountry "TUR"]
[BlackTeamCountry "TUR"]

1. c4 e6 2. Nc3 d5 3. d4 Nf6 4. Bg5 Be7 5. e3 0-0 6. cxd5 exd5 7. Bd3 Nbd7 8. Qc2 Re8 9. Nf3 c6 10. 0-0 h6 11. Bf4 Nf8 12. h3 Be6 13. Rab1 Qc8 14. b4 g5 15. Bh2 Bxh3 16. gxh3 Qxh3 17. Ne5 Ng4 18. Nxg4 Qxg4+ 19. Bg3 h5 20. Qe2 Qh3 21. Qf3 Ne6 22. Qf5 Qxf5 23. Bxf5 Ng7 24. Bd3 h4 25. Bh2 g4 26. Ne2 a6 27. Rfc1 g3 28. fxg3 Bg5 29. Rc3 hxg3 30. Bxg3 Rxe3 31. Bf2 Re6 32. Ng3 Rae8 33. a4 Be3 34. b5 axb5 35. axb5 Bxf2+ 36. Kxf2 Rf6+ 37. Kg1 Rf4 38. bxc6 bxc6 39. Ne2 Rf6 40. Rb6 Ree6 41. Rb8+ Re8 42. Rxe8+ Nxe8 43. Ng3 Kf8 44. Nf5 Ng7 45. Nxg7 Kxg7 46. Bc2 Rf4 47. Rd3 Kf6 48. Kg2 Ke6 49. Kg3 Re4 50. Kf3 Kd6 51. Rd1 Re7 52. Bb3 Re4 53. Rd2 Re1 54. Kf4 Rf1+ 55. Ke3 Rh1 56. Bd1 c5 57. Bf3 cxd4+ 58. Rxd4 Re1+ 59. Kf4 Re5 60. Ra4 f6 61. Ra6+ Ke7 62. Rb6 Rg5 63. Bg4 d4 64. Re6+ Kf7 65. Rd6 Kg6 66. Rxd4 Re5 67. Rd6 Rb5 68. Bf3 Rg5 69. Be4+ Kf7 70. Bf5 Ke7 71. Rd7+ Ke8 72. Ra7 Kf8 73. Be6 Rg7 74. Ra6 Rg5 75. Bb3 Kg7 76. Ra7+ Kh6 77. Bc2 Rg7 78. Ra8 Rg5 79. Be4 Kg7 80. Bf5 Kh6 81. Ke4 Kg7 82. Ra7+ Kf8 83. Rd7 Ke8 84. Rd5 Rg1 85. Kd4 Rd1+ 86. Bd3 Re1 87. Rf5 Ke7 88. Rf3 Re5 89. Bc4 Re1 90. Ra3 Rd1+ 91. Ke4 Re1+ 92. Kd4 Rd1+ 93. Kc5 Rd7 94. Bd5 Rc7+ 95. Bc6 f5 96. Kd5 Kf6 97. Kd6 Rh7 98. Ra8 f4 99. Bd5 Rg7 100. Rf8+ Kg5 101. Ke5 1-0

[Event "TUR-chT 1st League"]
[Site "Konya"]
[Date "2019.07.22"]
[Round "1.3"]
[White "Erden, Kadir"]
[Black "Narman, Gokhan"]
[Result "1-0"]
[WhiteElo "2288"]
[BlackElo "1969"]
[PlyCount "49"]
[EventDate "2019.07.22"]
[EventType "team-swiss"]
[EventRounds "9"]
[EventCountry "TUR"]
[SourceTitle "CBM 191 Extra"]
[Source "ChessBase"]
[SourceDate "2019.09.30"]
[SourceVersion "1"]
[SourceVersionDate "2019.09.30"]
[SourceQuality "1"]
[WhiteTeam "Manisa Turkuaz"]
[BlackTeam "Karsiyaka Ihtisas"]
[WhiteTeamCountry "TUR"]
[BlackTeamCountry "TUR"]

1. d4 e6 2. c4 d5 3. Nc3 c6 4. e4 dxe4 5. Nxe4 Nd7 6. Nf3 Ngf6 7. Nc3 Bb4 8. Bd3 c5 9. a3 Bxc3+ 10. bxc3 b6 11. 0-0 0-0 12. Bf4 Bb7 13. a4 Re8 14. a5 Qc8 15. Re1 Rd8 16. Ne5 Nf8 17. Bg5 Ng6 18. a6 Bxa6 19. Bxf6 gxf6 20. Ng4 f5 21. Nh6+ Kg7 22. Qh5 Bxc4 23. Bxc4 cxd4 24. Nxf7 Kxf7 25. Qxh7+ 1-0

[Event "TUR-chT 1st League"]
[Site "Konya"]
[Date "2018.07.22"]
[Round "9.8"]
[White "Sumer, Gun"]
[Black "Narman, Gokhan"]
[Result "1-0"]
[WhiteElo "1958"]
[BlackElo "1999"]
[PlyCount "145"]
[EventDate "2018.07.16"]
[EventType "team-swiss"]
[EventRounds "9"]
[EventCountry "TUR"]
[SourceTitle "EXT 2019"]
[Source "ChessBase"]
[SourceDate "2018.10.10"]
[SourceVersion "1"]
[SourceVersionDate "2018.10.10"]
[SourceQuality "1"]
[WhiteTeam "Varyant Genclik"]
[BlackTeam "Karsiyaka Ihtisas"]
[WhiteTeamCountry "TUR"]
[BlackTeamCountry "TUR"]

1. e4 c5 2. Nf3 g6 3. c4 Bg7 4. d4 cxd4 5. Nxd4 Nc6 6. Be3 Nf6 7. Nc3 0-0 8. Be2 d6 9. 0-0 Bd7 10. Qd2 Nxd4 11. Bxd4 Bc6 12. Bd3 a5 13. Rae1 a4 14. Kh1 Qa5 15. f4 e5 16. Be3 Ng4 17. f5 Nxe3 18. Qxe3 f6 19. Nb5 Rfd8 20. Rd1 Rd7 21. Qh3 g5 22. Qe3 Qb4 23. Qe2 Qc5 24. Na3 Bf8 25. Nc2 Rg7 26. b4 axb3 27. axb3 Be8 28. Ra1 Rb8 29. Ne3 Be7 30. Rfb1 Bd8 31. b4 Qc6 32. Rc1 b6 33. Ra6 Ra8 34. Qa2 Rxa6 35. Qxa6 Rc7 36. Ra1 Rc8 37. h4 Bf7 38. hxg5 fxg5 39. Qa7 h5 40. g4 h4 41. Kg2 Qc7 42. Qxc7 Bxc7 43. Ra7 Kf8 44. Kf3 Ke7 45. c5 Ke8 46. Ba6 Bb8 47. Rxf7 Kxf7 48. Bxc8 dxc5 49. bxc5 bxc5 50. Nd1 Bc7 51. Nf2 Kf6 52. Be6 Bd6 53. Ke2 Bc7 54. Kd3 Ba5 55. Kc4 Bd2 56. Kd3 Be1 57. Ke2 Bc3 58. Bc4 Bd4 59. Kf3 Kg7 60. Bf1 Kf6 61. Nd1 Ke7 62. Ke2 Bg1 63. Kd3 Bh2 64. Kc4 Kd6 65. Kb5 Bg1 66. Nb2 Bd4 67. Nc4+ Ke7 68. Kc6 Kf6 69. Kd5 Bc3 70. Kxc5 Bd4+ 71. Kd6 Bc3 72. Nb6 Bd4 73. Nd7+ 1-0

[Event "TUR-chT 1st League"]
[Site "Konya"]
[Date "2017.07.19"]
[Round "4.10"]
[White "Yalcin, Ozgun"]
[Black "Narman, Gokhan"]
[Result "0-1"]
[WhiteElo "1880"]
[BlackElo "1969"]
[PlyCount "88"]
[EventDate "2017.07.17"]
[EventType "team-swiss"]
[EventRounds "9"]
[EventCountry "TUR"]
[SourceTitle "CBM 179 Extra"]
[Source "ChessBase"]
[SourceDate "2017.08.23"]
[SourceVersion "1"]
[SourceVersionDate "2017.08.23"]
[SourceQuality "1"]
[WhiteTeam "Hatay Samandag"]
[BlackTeam "Karsiyaka Ihtisas"]
[WhiteTeamCountry "TUR"]
[BlackTeamCountry "TUR"]

1. c4 c6 2. g3 d5 3. Nf3 Nf6 4. Bg2 e6 5. 0-0 Nbd7 6. d4 Bd6 7. Nbd2 0-0 8. Qc2 Re8 9. b3 a5 10. Bb2 Qc7 11. e4 dxe4 12. Nxe4 Nxe4 13. Qxe4 Nf6 14. Qc2 a4 15. Rfe1 Be7 16. Rad1 Rd8 17. Bc3 axb3 18. axb3 Qb6 19. Ra1 Bd7 20. Ne5 Be8 21. c5 Qc7 22. Nc4 Nd5 23. Ba5 Rxa5 24. Rxa5 Bf6 25. Rd1 Ne7 26. Ra4 Bxd4 27. Nd6 e5 28. Ra7 Rb8 29. Qc4 Qd7 30. Qb4 Qg4 31. Qe1 Qd7 32. b4 Nc8 33. Nxc8 Qxc8 34. Ra2 Qe6 35. Re2 Qc4 36. Re4 Bd7 37. Bf1 Qc2 38. Rd2 Qc3 39. Bh3 Bxh3 40. Re3 Bxe3 41. fxe3 Re8 42. Kf2 Qxb4 43. Qc1 Qe4 44. Ke2 Bg4+ 0-1

[Event "Izmir op 15th"]
[Site "Izmir"]
[Date "2016.09.08"]
[Round "6"]
[White "Akin, Kadir"]
[Black "Narman, Gokhan"]
[Result "1-0"]
[WhiteElo "1893"]
[BlackElo "1984"]
[PlyCount "61"]
[EventDate "2016.09.05"]
[EventType "swiss"]
[EventRounds "9"]
[EventCountry "TUR"]
[SourceTitle "CBM 174 Extra"]
[Source "ChessBase"]
[SourceDate "2016.10.10"]
[SourceVersion "1"]
[SourceVersionDate "2016.10.10"]
[SourceQuality "1"]

1. e4 e6 2. b3 b6 3. Bb2 Bb7 4. Qe2 d6 5. Nc3 Nc6 6. 0-0-0 Be7 7. f4 Bf6 8. Nf3 a5 9. g4 h6 10. h4 Qd7 11. Bg2 Bxc3 12. Bxc3 f6 13. g5 a4 14. Bh3 Qe7 15. Rde1 axb3 16. axb3 0-0-0 17. Qc4 Re8 18. d4 Kb8 19. d5 Nd8 20. Nd4 hxg5 21. hxg5 fxg5 22. Bxe6 Rxh1 23. Rxh1 gxf4 24. Rh7 Nf6 25. Nf5 Nxh7 26. Nxe7 Rxe7 27. Bf5 Ng5 28. Bd2 Bc8 29. Bxf4 Nf3 30. Bxd6 Ne5 31. Qc3 1-0

[Event "Kemer Turkey Cup"]
[Site "Kemer"]
[Date "2014.02.06"]
[Round "7"]
[White "Sensay, Emin"]
[Black "Narman, Gokhan"]
[Result "1-0"]
[WhiteElo "1801"]
[BlackElo "2055"]
[PlyCount "45"]
[EventDate "2014.02.01"]
[EventType "swiss"]
[EventRounds "9"]
[EventCountry "TUR"]
[SourceTitle "CBM 158 Extra"]
[Source "ChessBase"]
[SourceDate "2014.02.28"]
[SourceVersion "1"]
[SourceVersionDate "2014.02.28"]
[SourceQuality "1"]

1. e4 e6 2. d4 b6 3. Nc3 Bb7 4. Nf3 Bb4 5. Bd3 Ne7 6. a3 Bxc3+ 7. bxc3 0-0 8. e5 h6 9. 0-0 f5 10. exf6 Rxf6 11. Ne5 Nf5 12. Qh5 Rf8 13. Ng6 Rf6 14. g4 Bf3 15. Ne5 Ne7 16. Nxf3 Rxf3 17. Be4 Qf8 18. g5 Rxc3 19. gxh6 d5 20. hxg7 Qxg7+ 21. Kh1 dxe4 22. Rg1 Nbc6 23. Bh6 1-0

[Event "Kemer Turkey Cup"]
[Site "Kemer"]
[Date "2014.02.05"]
[Round "6"]
[White "Narman, Gokhan"]
[Black "Mihciyazgan, Can"]
[Result "1-0"]
[WhiteElo "2055"]
[BlackElo "1776"]
[PlyCount "84"]
[EventDate "2014.02.01"]
[EventType "swiss"]
[EventRounds "9"]
[EventCountry "TUR"]
[SourceTitle "CBM 158 Extra"]
[Source "ChessBase"]
[SourceDate "2014.02.28"]
[SourceVersion "1"]
[SourceVersionDate "2014.02.28"]
[SourceQuality "1"]

1. d4 d5 2. c4 c6 3. Nf3 Nf6 4. e3 Nbd7 5. Nc3 e6 6. Be2 Bd6 7. 0-0 0-0 8. Qc2 Re8 9. Rd1 Qe7 10. e4 dxe4 11. Nxe4 Nxe4 12. Qxe4 Nf6 13. Qc2 Qc7 14. c5 Bf4 15. g3 Bxc1 16. Raxc1 Nd5 17. Re1 Bd7 18. Ng5 f5 19. Nf3 Rad8 20. Ne5 Nf6 21. f3 Re7 22. Bc4 Nd5 23. Qd2 Be8 24. Rcd1 Bf7 25. a3 b5 26. Bxd5 Rxd5 27. b4 Re8 28. Qf4 Red8 29. h4 Rf8 30. Re2 Qc8 31. Qe3 Be8 32. Nd3 Bf7 33. Ne5 Be8 34. Ra1 Qa6 35. f4 Bh5 36. Rd2 Rfd8 37. Kf2 Qc8 38. Qc3 Qc7 39. Ke3 a5 40. bxa5 Ra8 41. a4 Rxa5 42. Rda2 Rxa4 1-0

[Event "Kemer Turkey Cup"]
[Site "Kemer"]
[Date "2014.02.02"]
[Round "3"]
[White "Ulusoy, Mustafa"]
[Black "Narman, Gokhan"]
[Result "0-1"]
[WhiteElo "1699"]
[BlackElo "2055"]
[PlyCount "66"]
[EventDate "2014.02.01"]
[EventType "swiss"]
[EventRounds "9"]
[EventCountry "TUR"]
[SourceTitle "CBM 158 Extra"]
[Source "ChessBase"]
[SourceDate "2014.02.28"]
[SourceVersion "1"]
[SourceVersionDate "2014.02.28"]
[SourceQuality "1"]

1. e4 c5 2. Nf3 d6 3. Bb5+ Bd7 4. Bxd7+ Qxd7 5. 0-0 Nc6 6. c3 Nf6 7. d3 g6 8. Re1 Bg7 9. e5 dxe5 10. Nxe5 Nxe5 11. Rxe5 b6 12. Qf3 Rd8 13. Bg5 Qxd3 14. Qxd3 Rxd3 15. Na3 e6 16. Bxf6 Bxf6 17. Re2 Ke7 18. Nc4 Rhd8 19. h3 Rd1+ 20. Rxd1 Rxd1+ 21. Kh2 Bg5 22. Ne5 Bf4+ 23. g3 Bxe5 24. Rxe5 Rd2 25. Kg2 Rxb2 26. a4 Ra2 27. Re4 Ra3 28. Rc4 h5 29. f4 f5 30. Kf3 Kd6 31. g4 hxg4+ 32. hxg4 Kd5 33. gxf5 gxf5 0-1

[Event "Kemer Turkey Cup"]
[Site "Kemer"]
[Date "2014.02.01"]
[Round "1"]
[White "Yigit, Ahmet Yasir"]
[Black "Narman, Gokhan"]
[Result "1-0"]
[WhiteElo "1843"]
[BlackElo "2055"]
[PlyCount "107"]
[EventDate "2014.02.01"]
[EventType "swiss"]
[EventRounds "9"]
[EventCountry "TUR"]
[SourceTitle "CBM 158 Extra"]
[Source "ChessBase"]
[SourceDate "2014.02.28"]
[SourceVersion "1"]
[SourceVersionDate "2014.02.28"]
[SourceQuality "1"]

1. Nf3 Nf6 2. g3 d5 3. Bg2 c6 4. d3 Bg4 5. Nbd2 Nbd7 6. e4 e6 7. 0-0 Be7 8. Qe2 dxe4 9. dxe4 Qc7 10. h3 Bh5 11. Qe3 Bc5 12. Qc3 Qxg3 13. Qxc5 Qxg2+ 14. Kxg2 Nxc5 15. e5 Nd5 16. Nc4 b5 17. Nd6+ Ke7 18. Nd4 Kd7 19. f4 f5 20. Re1 Rab8 21. Nb3 Na6 22. Be3 Nab4 23. Rac1 Nxe3+ 24. Rxe3 Nd5 25. Nc5+ Ke7 26. Ra3 Ra8 27. Kg3 a5 28. c4 b4 29. Rd3 Nb6 30. b3 Rhd8 31. Kh4 g6 32. Rc2 a4 33. Rcd2 axb3 34. axb3 Rdb8 35. Kg5 h6+ 36. Kh4 Ra1 37. Ndb7 Nd5 38. cxd5 exd5 39. Nd6 Rc1 40. Na6 Ra8 41. Nxb4 Kd7 42. Nxf5 gxf5 43. Kxh5 Rf1 44. Rd4 Rf3 45. R2d3 Rf1 46. Rc3 Rh1 47. Nxc6 Ke6 48. b4 Rg8 49. Rdd3 Rg4 50. Nd4+ Kf7 51. Rc7+ Kg8 52. Nxf5 Rxf4 53. Nxh6+ Kf8 54. Rg3 1-0

[Event "NATO-ch 23nd"]
[Site "Brest"]
[Date "2012.10.04"]
[Round "5"]
[White "Giua, Frederic"]
[Black "Narman, Gokhan"]
[Result "1-0"]
[WhiteElo "2237"]
[BlackElo "2075"]
[PlyCount "135"]
[EventDate "2012.10.01"]
[EventType "swiss"]
[EventRounds "7"]
[EventCountry "FRA"]
[SourceTitle "CBM 150 Extra"]
[Source "ChessBase"]
[SourceDate "2012.10.19"]
[SourceVersion "1"]
[SourceVersionDate "2012.10.19"]
[SourceQuality "1"]

1. Nf3 e6 2. d4 b6 3. c4 Bb7 4. e3 f5 5. Be2 Nf6 6. Nbd2 Bd6 7. Qc2 0-0 8. a3 a5 9. b3 Qe7 10. Bb2 Nc6 11. Bd3 Nd8 12. 0-0 Nf7 13. Rfc1 c5 14. Re1 g6 15. Qc3 cxd4 16. exd4 Bf4 17. d5 e5 18. g3 Bxd2 19. Qxd2 d6 20. Nd4 Rfe8 21. Nb5 Ba6 22. Nc3 Qc7 23. Rec1 Nd7 24. b4 e4 25. Be2 Nde5 26. b5 Bc8 27. Na4 Rb8 28. Qe3 Nd7 29. f4 Nc5 30. Qd4 Ne5 31. Nxc5 bxc5 32. Qc3 h5 33. fxe5 dxe5 34. Rf1 h4 35. Qe3 hxg3 36. hxg3 Kg7 37. Kg2 Rh8 38. Rh1 Bd7 39. Qg5 Qd6 40. Rxh8 Rxh8 41. Rh1 Rxh1 42. Kxh1 Kf7 43. Qh6 Qf6 44. b6 Qxb6 45. Qh7+ Ke8 46. Qg8+ Ke7 47. Bxe5 Be8 48. d6+ Kd7 49. Qg7+ Kc8 50. Qc7+ Qxc7 51. dxc7 Bc6 52. Kg1 Bb7 53. Kf2 Kd7 54. Ke3 Ke6 55. Bc3 a4 56. Bd1 Kd7 57. Ba5 Bc6 58. Kf4 Kc8 59. Ke5 Bd7 60. Kd6 g5 61. Bd2 g4 62. Bf4 Be8 63. Kxc5 Bd7 64. Kb4 Bc6 65. Bxa4 e3 66. Bxc6 e2 67. Bd2 Kxc7 68. Bg2 1-0

[Event "NATO-ch 23nd"]
[Site "Brest"]
[Date "2012.10.02"]
[Round "2"]
[White "Narman, Gokhan"]
[Black "Dekker, Ard E"]
[Result "1-0"]
[WhiteElo "2075"]
[BlackElo "1866"]
[PlyCount "81"]
[EventDate "2012.10.01"]
[EventType "swiss"]
[EventRounds "7"]
[EventCountry "FRA"]
[SourceTitle "CBM 150 Extra"]
[Source "ChessBase"]
[SourceDate "2012.10.19"]
[SourceVersion "1"]
[SourceVersionDate "2012.10.19"]
[SourceQuality "1"]

1. d4 Nf6 2. c4 g6 3. g3 Bg7 4. Bg2 0-0 5. Nc3 d6 6. e4 e5 7. d5 Nbd7 8. Nge2 Ne8 9. Be3 c5 10. dxc6 bxc6 11. Qd2 Qc7 12. 0-0 f6 13. Rad1 Rf7 14. b3 Nf8 15. c5 dxc5 16. Bxc5 Ne6 17. Be3 Bf8 18. Qc2 Qa5 19. Rb1 c5 20. Nd5 Ba6 21. Rfc1 Nd4 22. Nxd4 cxd4 23. Bd2 Qd8 24. b4 Rc8 25. Qb3 Nd6 26. Rxc8 Bxc8 27. b5 Kg7 28. a4 Bb7 29. a5 Rd7 30. b6 axb6 31. axb6 Bc8 32. Nc7 Qe7 33. Bb4 Bb7 34. Rc1 Qf7 35. Qa3 Be7 36. Qa4 Bd8 37. Bxd6 Bxc7 38. Rxc7 Rxc7 39. bxc7 Qe6 40. Qb4 Ba6 41. Bf1 1-0

[Event "Istanbul op-A 11th"]
[Site "Istanbul"]
[Date "2012.08.31"]
[Round "2"]
[White "Narman, Gokhan"]
[Black "Sriram, Jha"]
[Result "1/2-1/2"]
[WhiteElo "2051"]
[BlackElo "2428"]
[PlyCount "105"]
[EventDate "2012.08.30"]
[EventType "swiss"]
[EventRounds "9"]
[EventCountry "TUR"]
[SourceTitle "CBM 150 Extra"]
[Source "ChessBase"]
[SourceDate "2012.10.19"]
[SourceVersion "1"]
[SourceVersionDate "2012.10.19"]
[SourceQuality "1"]

1. d4 e6 2. c4 b6 3. a3 Bb7 4. Nc3 f5 5. d5 Nf6 6. Nf3 Bd6 7. g3 Qe7 8. Bg2 c6 9. Nd4 0-0 10. 0-0 Be5 11. f4 Bxd4+ 12. Qxd4 exd5 13. cxd5 Re8 14. b4 Qf7 15. Bb2 cxd5 16. b5 d6 17. Rad1 Nbd7 18. Rfe1 Nc5 19. Nxd5 Nxd5 20. Bxd5 Bxd5 21. Qxd5 Qxd5 22. Rxd5 Re6 23. Bd4 Nb3 24. Bf2 g6 25. Red1 Rd8 26. Kf1 Kf7 27. R1d3 Na5 28. Rc3 Rd7 29. Rc8 Re4 30. Rd3 Nc4 31. Bd4 d5 32. Kf2 Ke6 33. a4 Re7 34. e3 Rd7 35. Ke2 Re7 36. Kf3 Kd7 37. Ra8 Kd6 38. h3 Ke6 39. g4 fxg4+ 40. hxg4 Rf7 41. g5 Nd6 42. Rc3 Nf5 43. Rc6+ Nd6 44. Rd8 Rd7 45. Rf8 Ke7 46. Rh8 Ke6 47. Kg4 Re7 48. Rd8 Rd7 49. Rf8 Ke7 50. Rh8 Ke6 51. Rg8 Kf7 52. Rh8 Ke6 53. Rg8 1/2-1/2

[Event "TUR-ch"]
[Site "Kemer"]
[Date "2012.02.03"]
[Round "8"]
[White "Bacak, Muhammed Kaan"]
[Black "Narman, Gokhan"]
[Result "1/2-1/2"]
[WhiteElo "1828"]
[BlackElo "2076"]
[PlyCount "210"]
[EventDate "2012.01.29"]
[EventType "swiss"]
[EventRounds "10"]
[EventCountry "TUR"]
[SourceTitle "CBM 146 Extra"]
[Source "ChessBase"]
[SourceDate "2012.02.29"]
[SourceVersion "1"]
[SourceVersionDate "2012.02.29"]
[SourceQuality "1"]

1. e4 d6 2. d4 Nf6 3. Nc3 g6 4. Nf3 Bg7 5. h3 Nc6 6. Be2 0-0 7. 0-0 e5 8. Be3 exd4 9. Nxd4 Re8 10. Nxc6 bxc6 11. Bf3 Nd7 12. Re1 a5 13. Bd4 Ne5 14. Be2 c5 15. Be3 Bb7 16. Qd2 Nd7 17. f3 Nf6 18. Bg5 Qe7 19. Rad1 Bc6 20. Bc4 Qd7 21. Be3 Qc8 22. Bf2 Nd7 23. a3 Qb7 24. Rb1 Ne5 25. Ba2 a4 26. Nd5 Ra7 27. Bh4 Bxd5 28. Bxd5 Qb8 29. f4 Nd7 30. Bc6 Qc8 31. Bf2 Re7 32. e5 Nb8 33. Bf3 Ra6 34. exd6 Rxe1+ 35. Rxe1 cxd6 36. Re7 Nc6 37. Bxc6 Qxc6 38. c4 Ra8 39. Re2 Rb8 40. Qc1 Rb3 41. Qe1 Rb8 42. Qc1 Re8 43. Rxe8+ Qxe8 44. Qc2 Kf8 45. b3 axb3 46. Qxb3 Qe4 47. Qb8+ Ke7 48. Qc7+ Ke6 49. Qc8+ Ke7 50. Bh4+ g5 51. Bxg5+ f6 52. Qc7+ Ke6 53. Qxg7 fxg5 54. Qxg5 Kd7 55. Qg4+ Ke7 56. Kf2 Qd4+ 57. Kf1 Qa1+ 58. Kf2 Qxa3 59. Qg7+ Ke6 60. Qg8+ Kf6 61. Qg5+ Ke6 62. f5+ Kd7 63. Qg4 Qb2+ 64. Kg3 Qe5+ 65. Kh4 Qf6+ 66. Kg3 Qc3+ 67. Kh4 Qf6+ 68. Kh5 d5 69. cxd5 Kd6 70. Qe4 c4 71. Qxc4 Qxf5+ 72. Kh4 Qf2+ 73. g3 Qf6+ 74. Kg4 Qg6+ 75. Kf3 Qh5+ 76. Kg2 Qxd5+ 77. Qxd5+ Kxd5 78. Kf3 Ke5 79. Kg4 Kf6 80. Kh5 Kg7 81. Kg5 Kf7 82. Kf5 Ke7 83. Kg5 Kf7 84. Kh6 Kg8 85. g4 Kh8 86. h4 Kg8 87. Kg5 Kg7 88. Kf5 Kf7 89. Kf4 Kf8 90. g5 Kg8 91. Ke5 Kf7 92. Kf5 Kg7 93. h5 Kf7 94. Kf4 Kf8 95. Ke5 Ke7 96. Kd5 Kf7 97. Kd6 Kf8 98. Kc7 Kg7 99. Kb8 Kh8 100. Kc7 Kg7 101. Kd6 Kf8 102. Ke6 Ke8 103. Kf6 Kf8 104. g6 Kg8 105. Kg5 hxg6 1/2-1/2

[Event "TUR-ch"]
[Site "Kemer"]
[Date "2012.01.31"]
[Round "4"]
[White "Ererdem, Gani Eren"]
[Black "Narman, Gokhan"]
[Result "0-1"]
[WhiteElo "1966"]
[BlackElo "2076"]
[PlyCount "82"]
[EventDate "2012.01.29"]
[EventType "swiss"]
[EventRounds "10"]
[EventCountry "TUR"]
[SourceTitle "CBM 146 Extra"]
[Source "ChessBase"]
[SourceDate "2012.02.29"]
[SourceVersion "1"]
[SourceVersionDate "2012.02.29"]
[SourceQuality "1"]

1. Nf3 Nf6 2. d4 g6 3. c4 Bg7 4. Nc3 d5 5. Qb3 dxc4 6. Qxc4 0-0 7. e4 a6 8. Bf4 c6 9. Be2 b5 10. Qd3 Be6 11. 0-0 Nbd7 12. h3 Nb6 13. b3 Nh5 14. Be3 b4 15. Nd1 c5 16. Rc1 cxd4 17. Nxd4 Nf4 18. Bxf4 Qxd4 19. Be3 Qxd3 20. Bxd3 Nd7 21. f4 Rfd8 22. Nf2 Bc3 23. g4 f6 24. Rfd1 Bf7 25. Bd2 Bxd2 26. Rxd2 Nf8 27. Kg2 a5 28. Rcd1 Ne6 29. f5 Nc5 30. Bc4 Rxd2 31. Bxf7+ Kxf7 32. Rxd2 a4 33. Rd4 axb3 34. axb3 Ra2 35. Kg3 Rb2 36. Rxb4 Rxf2 37. Rc4 Nd3 38. Rd4 Rd2 39. b4 e5 40. Rd5 Ke7 41. b5 Nf2 0-1

[Event "TUR-ch"]
[Site "Kemer"]
[Date "2011.02.06"]
[Round "2"]
[White "Narman, Gokhan"]
[Black "Okus, Melih"]
[Result "1-0"]
[WhiteElo "2079"]
[BlackElo "1899"]
[PlyCount "65"]
[EventDate "2011.02.05"]
[EventType "swiss"]
[EventRounds "10"]
[EventCountry "TUR"]
[SourceTitle "CBM 140 Extra"]
[Source "ChessBase"]
[SourceDate "2011.03.01"]
[SourceVersion "1"]
[SourceVersionDate "2011.03.01"]
[SourceQuality "1"]

1. d4 Nf6 2. c4 g6 3. g3 Bg7 4. Bg2 c5 5. d5 d6 6. Nc3 0-0 7. Nf3 Bg4 8. h3 Bc8 9. 0-0 Nfd7 10. Bf4 Ne5 11. Nxe5 dxe5 12. Be3 Na6 13. Qd2 f5 14. Rad1 e4 15. Bg5 Be5 16. Qe3 Bd4 17. Qf4 Qd6 18. Qxd6 exd6 19. Be7 Re8 20. Bxd6 e3 21. f3 Bd7 22. a3 Rac8 23. Rc1 Kf7 24. Bf4 Nc7 25. Rfd1 b5 26. Bxc7 Rxc7 27. cxb5 Bxc3 28. Rxc3 Bxb5 29. Kf1 Bd7 30. b4 c4 31. f4 Ba4 32. Rd4 Bb3 33. d6 1-0

[Event "NATO-ch 21st"]
[Site "Koge"]
[Date "2010.10.21"]
[Round "5"]
[White "Narman, Gokhan"]
[Black "Rockhill, Nathaniel"]
[Result "0-1"]
[WhiteElo "2076"]
[BlackElo "1951"]
[PlyCount "98"]
[EventDate "2010.10.18"]
[EventType "swiss"]
[EventRounds "7"]
[EventCountry "DEN"]
[SourceTitle "EXT 2011"]
[Source "ChessBase"]
[SourceDate "2010.11.26"]
[SourceVersion "1"]
[SourceVersionDate "2010.11.26"]
[SourceQuality "1"]

1. d4 Nc6 2. Nf3 d5 3. c4 Bg4 4. Nc3 Nf6 5. Ne5 dxc4 6. Nxg4 Nxg4 7. e3 Nf6 8. Bxc4 e6 9. a3 Be7 10. 0-0 0-0 11. Qf3 a6 12. Rd1 Ne8 13. Ba2 Nd6 14. d5 exd5 15. Nxd5 Ne5 16. Qh5 Ng6 17. Bd2 Bf6 18. Nxf6+ Qxf6 19. Bc3 Qh4 20. Qxh4 Nxh4 21. f3 Ndf5 22. Re1 Rad8 23. Kf2 Rfe8 24. g3 Ng6 25. e4 Nd4 26. Red1 Nb5 27. Bb4 Ne5 28. Ke3 Nc6 29. Be1 Nbd4 30. Rd2 Kf8 31. Bd5 Rxd5 32. Kf2 Rh5 33. h4 Rb5 34. Rb1 Rb3 35. Kg2 Nxf3 36. Rf2 Nxe1+ 37. Rxe1 f6 38. Rfe2 Ne5 39. Rd1 Rd3 40. Rc1 Re7 41. a4 Red7 42. Kf2 Rd2 43. Rc3 Nd3+ 44. Ke3 Rxe2+ 45. Kxe2 Nxb2 46. Rb3 Nxa4 47. Rxb7 Re7 48. Kf3 Nc5 49. Rb4 Rxe4 0-1

[Event "NATO-ch 21st"]
[Site "Koge"]
[Date "2010.10.20"]
[Round "4"]
[White "Rosenkilde, Alexander"]
[Black "Narman, Gokhan"]
[Result "1-0"]
[WhiteElo "2204"]
[BlackElo "2076"]
[PlyCount "91"]
[EventDate "2010.10.18"]
[EventType "swiss"]
[EventRounds "7"]
[EventCountry "DEN"]
[SourceTitle "EXT 2011"]
[Source "ChessBase"]
[SourceDate "2010.11.26"]
[SourceVersion "1"]
[SourceVersionDate "2010.11.26"]
[SourceQuality "1"]

1. d4 e6 2. c4 f5 3. g3 Nf6 4. Bg2 d5 5. Nh3 c6 6. Qc2 Bd6 7. 0-0 0-0 8. Nd2 Nbd7 9. Nf3 Ne4 10. Nf4 Qe7 11. Nd3 Kh8 12. Rb1 a5 13. b3 Qf6 14. e3 Ra6 15. Bb2 Qh6 16. Qe2 Ndf6 17. Nfe5 Ng5 18. f3 Kg8 19. Rbe1 Bd7 20. Bc1 Nh3+ 21. Kh1 g5 22. e4 f4 23. Bxh3 Qxh3 24. gxf4 Bxe5 25. Nxe5 gxf4 26. Rg1+ Kh8 27. Bxf4 Be8 28. Rg3 Qh5 29. Qg2 Rg8 30. Rg1 Rxg3 31. Qxg3 Bg6 32. Nxg6+ hxg6 33. Be5 Ra8 34. Bxf6+ Kg8 35. Qxg6+ Qxg6 36. Rxg6+ Kf7 37. Rh6 dxc4 38. bxc4 b5 39. c5 b4 40. Be5 a4 41. Rh7+ Kg6 42. Rg7+ Kh6 43. Rb7 b3 44. a3 Ra5 45. Kg2 Kg6 46. Kf2 1-0

[Event "NATO-ch 21st"]
[Site "Koge"]
[Date "2010.10.19"]
[Round "2"]
[White "Marti, Gyorgy"]
[Black "Narman, Gokhan"]
[Result "0-1"]
[WhiteElo "2225"]
[BlackElo "2076"]
[PlyCount "72"]
[EventDate "2010.10.18"]
[EventType "swiss"]
[EventRounds "7"]
[EventCountry "DEN"]
[SourceTitle "EXT 2011"]
[Source "ChessBase"]
[SourceDate "2010.11.26"]
[SourceVersion "1"]
[SourceVersionDate "2010.11.26"]
[SourceQuality "1"]

1. d4 e6 2. c4 f5 3. Nf3 Nf6 4. Bg5 d5 5. Ne5 c6 6. cxd5 exd5 7. Bxf6 Qxf6 8. Nd2 Nd7 9. f4 Nxe5 10. dxe5 Qh6 11. g3 Bc5 12. Nf3 0-0 13. a3 a5 14. Qb3 b5 15. Qc3 Bb6 16. b4 axb4 17. axb4 Rxa1+ 18. Qxa1 Bb7 19. Qc3 Qe6 20. Nd4 Qe7 21. Bg2 g6 22. Kd2 Ra8 23. Rb1 Qd7 24. Rb2 Ra4 25. Bf3 h5 26. e3 Kh7 27. Bd1 Ra7 28. Rc2 c5 29. Nb3 d4 30. exd4 cxd4 31. Qb2 Be4 32. Nc5 Qd5 33. Nxe4 fxe4 34. Kc1 d3 35. Rc8 Be3+ 36. Kb1 Bd4 0-1